Statistics for Countries with Megacities

Click here to take the quiz!

General Stats

  • This quiz has been taken 56,778 times
    (3,784 since last reset)
  • The average score is 20 of 23

Answer Stats

# City Country % Correct
5Guangzhou, Shanghai, Beijing, Tianjin, XiamenChina
100%
2New York City, Los AngelesUnited States
99%
6Delhi, Mumbai, Kolkata, Bengaluru, Chennai, HyderabadIndia
98%
3Tokyo, Osaka, NagoyaJapan
97%
1MoscowRussia
96%
2São Paulo, Rio de JaneiroBrazil
96%
1LondonUnited Kingdom
96%
1ParisFrance
94%
1Mexico CityMexico
94%
1JakartaIndonesia
89%
1CairoEgypt
87%
1Buenos AiresArgentina
85%
1JohannesburgSouth Africa
84%
1LagosNigeria
83%
2Karachi, LahorePakistan
81%
1SeoulSouth Korea
80%
1IstanbulTurkey
79%
1BangkokThailand
78%
1TehranIran
76%
1ManilaPhilippines
72%
1DhakaBangladesh
72%
1KinshasaD.R. Congo
66%
1LimaPeru
61%

Score Distribution

Percentile by Number Answered

Percent of People with Each Score

Your Score History

You have not taken this quiz since the last reset